Teaching Spanish as a Foreign Language for Students of Economics and Business

Saved in:
Bibliographic Details
Main Author: Kittová, Zuzana, 1975-
Other Authors: Spišiaková, Mária, 1973-
Format: Book Chapter
Language:English
Subjects:
Tags: Add Tag
No Tags, Be the first to tag this record!

MARC

LEADER 00000naa$a2200000$$$4500
001 0260269
005 20240502083742.9
041 0 |a eng 
044 |a SI 
245 1 0 |a Teaching Spanish as a Foreign Language for Students of Economics and Business  |c Zuzana Kittová, Mária Spišiaková 
500 |a abstrakt 
610 2 0 |a španielčina 
610 2 0 |a vyučovanie 
610 2 0 |a výskum 
610 2 0 |a jazyky cudzie 
100 1 |a Kittová, Zuzana, 1975- 
700 1 |a Spišiaková, Mária, 1973-